Les karts et motos de Mario Kart Wii - Statistiques

Statistiques générales
  • Ce quiz a été pris 25 fois
  • Le résultat moyen est 11 sur 32
Statistiques - réponses
Véhicules de Mario Kart Wii % Correct
Moto Mach
65%
Bécane Bowser
61%
Kart Standard
61%
Moto Standard
61%
Cabriolaile
48%
Intrépide II
43%
Wario Custom
43%
Carrosse Royal
39%
Kart Piranha
39%
Mini-monstre
39%
Scoot Comète
39%
Auto-Pousse
35%
Bill Bécane
35%
Blue Falcon
35%
Buggy Brute
35%
Cheepmobile
35%
Coin-coin
35%
Dauphine
35%
Jet Capsule
35%
Kamekroiseur
35%
Nostalgia
35%
Torpille
30%
Bolide Stellaire
26%
Crache-feu
26%
Etincelle
26%
Propulsor
26%
Cyclo Vroum
22%
Doryphare
22%
Nitrocyclette
22%
Turbo Flash
22%
Mini-Mob
17%
Suber Bloups
0%
Aucun quiz correspondant
Distribution des résultats
% des personnes avec chaque résultat
Percentile par nombre de réponses
Votre historique - résultats
Vous n’avez pas pris ce quiz